[Event "AI Cup Div 2 L"]
[Site "chess.com INT"]
[Date "2023.09.28"]
[Round "6.2"]
[White "Kuzubov, Yuriy"]
[Black "Artemiev, Vladislav"]
[Result "1/2-1/2"]
[WhiteTitle "GM"]
[BlackTitle "GM"]
[WhiteElo "2625"]
[BlackElo "2697"]
[WhiteFideId "14112906"]
[BlackFideId "24101605"]
[EventDate "2023.09.26"]
[EventType "k.o."]

1. d4 Nf6 2. c4 e6 3. Nc3 Bb4 4. Qc2 d5 5. a3 Bxc3+ 6. Qxc3 b6 7. cxd5 Ne4 8.
Qc2 exd5 9. Bf4 c5 10. f3 Ng5 11. dxc5 bxc5 12. Bxg5 Qxg5 13. Qxc5 Nd7 14. Qd4
O-O 15. e3 Re8 16. Kf2 Ne5 17. Ne2 Rb8 18. Nf4 Nc6 19. Qd2 Qf6 20. Nxd5 Qxb2 21.
Qxb2 Rxb2+ 22. Kg3 Ne7 23. Nxe7+ Rxe7 24. Rc1 Be6 25. e4 Rb3 26. a4 Ra3 27. Bb5
g6 28. Rc6 Ra2 29. Rd1 Bb3 30. Rd4 Kg7 31. h4 h5 32. Rc3 Be6 33. Rd6 Rb7 34. f4
Re7 35. Rd4 Bg4 36. Bd3 Rd2 37. Rd5 Be6 38. Rd6 Ra2 39. f5 Rd7 40. Rdc6 gxf5 41.
exf5 Rxg2+ 42. Kxg2 Bd5+ 43. Kf2 Bxc6 44. f6+ Kh6 45. Ke3 Rd6 46. Rc1 Bxa4 47.
Ra1 Bb3 48. Ra3 Bd5 49. Ra5 Bc6 50. Bc4 Rxf6 51. Rxa7 Kg7 52. Rc7 Bf3 53. Bxf7
Rxf7 54. Rxf7+ Kxf7 55. Kxf3 Ke6 56. Ke4 Kf6 57. Kf4 Kg6 58. Ke5 Kg7 59. Kf5 Kg8
60. Kg6 Kh8 61. Kxh5 Kg7 62. Kg5 Kh8 63. h5 Kg8 64. h6 Kh8 65. Kg6 Kg8 66. h7+
Kh8 67. Kh6 1/2-1/2